| 000 | 00651nmm a2200193Ia 4500 | ||
|---|---|---|---|
| 008 | 251105s9999||||xx |||||||||||||||||und|| | ||
| 020 | _a9780231543248 | ||
| 041 | _aeng | ||
| 100 | _aMouritsen, Ole | ||
| 245 | 0 |
_aMouthfeel : _b How Texture Makes Taste |
|
| 264 |
_a[Washington, Estados Unidos] : _bColumbia University Press, _c[Fecha de publicación no identificada] |
||
| 300 | _a0 páginas | ||
| 490 | _aArts and Traditions of the Table: Perspectives on Culinary History | ||
| 700 | _aMouritsen, Ole | ||
| 700 | 1 | _a Styrbæk, Klavs | |
| 700 | 1 | _a Johansen, Mariela | |
| 856 | _uhttps://public.digitaliapublishing.com/a/73564 | ||
| 942 | _cCF | ||
| 999 |
_c69125 _d69125 |
||